000 00389nam a2200145Ia 4500
008 090124s9999 xx 000 0 und d
082 _b402063
245 _a बहिण भाऊ
250 _a1
260 _bसहस्त्रबुध्दे शांता
_c1986
300 _a64
630 _a बहिण भाऊ
730 _a बहिण भाऊ
942 _cBOOK
999 _c198523
_d198523